<?xml version="1.0" encoding="UTF-8"?><?xml-stylesheet type="text/xsl" href="static/style.xsl"?><OAI-PMH xmlns="http://www.openarchives.org/OAI/2.0/" xmlns:xsi="http://www.w3.org/2001/XMLSchema-instance" xsi:schemaLocation="http://www.openarchives.org/OAI/2.0/ http://www.openarchives.org/OAI/2.0/OAI-PMH.xsd"><responseDate>2026-04-27T12:29:12Z</responseDate><request verb="GetRecord" identifier="oai:uvadoc.uva.es:10324/2477" metadataPrefix="marc">https://uvadoc.uva.es/oai/request</request><GetRecord><record><header><identifier>oai:uvadoc.uva.es:10324/2477</identifier><datestamp>2021-07-02T07:22:43Z</datestamp><setSpec>com_10324_1508</setSpec><setSpec>com_10324_894</setSpec><setSpec>col_10324_1584</setSpec></header><metadata><record xmlns="http://www.loc.gov/MARC21/slim" xmlns:doc="http://www.lyncode.com/xoai" xmlns:xsi="http://www.w3.org/2001/XMLSchema-instance" xmlns:dcterms="http://purl.org/dc/terms/" xsi:schemaLocation="http://www.loc.gov/MARC21/slim http://www.loc.gov/standards/marcxml/schema/MARC21slim.xsd">
<leader>00925njm 22002777a 4500</leader>
<datafield tag="042" ind1=" " ind2=" ">
<subfield code="a">dc</subfield>
</datafield>
<datafield tag="720" ind1=" " ind2=" ">
<subfield code="a">Martínez Rosado, Javier</subfield>
<subfield code="e">author</subfield>
</datafield>
<datafield tag="260" ind1=" " ind2=" ">
<subfield code="c">2011</subfield>
</datafield>
<datafield tag="520" ind1=" " ind2=" ">
<subfield code="a">En la Facultad de Ciencias Económicas y Empresariales de la UCM&#xd;
son ya dos cursos completos los que llevamos con los nuevos grados&#xd;
implantados. A ello hay que sumar un año más en el que la llamada&#xd;
“metodología Bolonia” comenzó a implantarse con carácter excepcional o&#xd;
experimental en los llamados “grupos piloto”. La experiencia, por ello, aun&#xd;
siendo corta, nos permite extraer una serie de enseñanzas, tanto desde el&#xd;
punto de vista del profesor como desde la perspectiva del alumno.&#xd;
Los nuevos grados implican una menor carga docente presencial para el&#xd;
profesor. Sin embargo, esa minoración es compensada con una ingente labor&#xd;
que deberá desempeñar fuera del aula. Por su parte, al alumno se le&#xd;
presupone una mayor actividad fuera del aula y una actividad más activa en&#xd;
esta última que la que ha venido teniendo tradicionalmente: ¿está siendo de&#xd;
hecho así?, ¿qué dificultades está encontrando la implantación de los nuevos&#xd;
grados?, ¿qué soluciones cabe ofrecer? En la presente comunicación&#xd;
pretendemos aportar nuestro granito de arena para hacer esta metodología&#xd;
docente mucho más atractiva.</subfield>
</datafield>
<datafield tag="024" ind2=" " ind1="8">
<subfield code="a">IV Congreso Nacional de Innovaciones Científicas: Coordinación y planificación en los estudios de derecho. Valladolid: Universidad de Valladolid, 2011, p. 743-758</subfield>
</datafield>
<datafield tag="024" ind2=" " ind1="8">
<subfield code="a">http://uvadoc.uva.es/handle/10324/2477</subfield>
</datafield>
<datafield ind1=" " ind2=" " tag="653">
<subfield code="a">Grados universitarios</subfield>
</datafield>
<datafield ind1=" " ind2=" " tag="653">
<subfield code="a">Enseñanza superior-Metodología</subfield>
</datafield>
<datafield tag="245" ind1="0" ind2="0">
<subfield code="a">La necesidad del cambio de actitud con la metodología de los nuevos grados</subfield>
</datafield>
</record></metadata></record></GetRecord></OAI-PMH>